Analysis of economic time series <a> synthesis
Uložené v:
| Hlavný autor: | |
|---|---|
| Ďalší autori: | , |
| Médium: | Kniha |
| Jazyk: | English |
| Vydavateľské údaje: |
New York
Academic Press
1979
|
| Tagy: |
Žiadne tagy, Buďte prvý, kto otaguje tento záznam!
|
MARC
| LEADER | 00000nam a2200000 4500 | ||
|---|---|---|---|
| 001 | c140359 | ||
| 005 | 20041019155318.7 | ||
| 041 | 0 | |a eng | |
| 044 | |a US | ||
| 245 | 1 | 0 | |a Analysis of economic time series |b <a> synthesis |c Marc Nerlove, David M. Grether, José L. Carvalho |
| 264 | 1 | |a New York |b Academic Press |c 1979 | |
| 300 | |a 467 s. |e príl. | ||
| 100 | 1 | |a Nerlove, Marc | |
| 700 | 1 | |a Grether, David M. | |
| 700 | 1 | |a Carvalho, José L. | |